书目信息 |
| 题名: |
人生智慧羊皮卷
|
|
| 作者: | 麦冬 编著 | |
| 分册: | 枕边哲理书 | |
| 出版信息: | 兰州 甘肃文化出版社 2004 |
|
| 页数: | 246页 | |
| 开本: | 23cm | |
| 丛书名: | ||
| 单 册: | ||
| 中图分类: | B821-49 | |
| 科图分类: | ||
| 主题词: | 人生哲学--通俗读物 | |
| 电子资源: | ||
| ISBN: | 7-80714-022-4 | |
| 000 | 00744nam0 2200229 450 | |
| 001 | 0142462469 | |
| 005 | 20050523174056.50 | |
| 010 | @a7-80714-022-4@dCNY 29.00 | |
| 100 | @a20050226d2004 km y0chiy0120 ea | |
| 101 | 0 | @achi |
| 102 | @aCN@b620000 | |
| 105 | @ay z 000yy | |
| 200 | 1 | @a人生智慧羊皮卷@Aren sheng zhi hui yang pi juan@i枕边哲理书@f麦冬编著@Fmai dong bian zhu |
| 210 | @a兰州@c甘肃文化出版社@d2004 | |
| 215 | @a246页@d23cm | |
| 330 | @a本书所讲述的人生道理寓智慧于百个经典故事中,一句点晴之笔让你顿悟,智慧历来就是财富。 | |
| 517 | 1 | @a枕边哲理书@Azhen bian zhe li shu |
| 606 | 0 | @a人生哲学@x通俗读物 |
| 690 | @aB821-49@v4 | |
| 701 | 0 | @a麦冬@Amai dong@4编著 |
| 801 | 0 | @aCN@bQSSK@c20050523 |
| 905 | @a10447@dB821-49@eM272 | |
| 人生智慧羊皮卷.枕边哲理书/麦冬编著.-兰州:甘肃文化出版社,2004 |
| 246页;23cm |
| ISBN 7-80714-022-4:CNY 29.00 |
| 本书所讲述的人生道理寓智慧于百个经典故事中,一句点晴之笔让你顿悟,智慧历来就是财富。 |
| ● |
| 相关链接 |
|
|
|
正题名:人生智慧羊皮卷
索取号:B821-49/M272
 
预约/预借
| 序号 | 登录号 | 条形码 | 馆藏地/架位号 | 状态 | 备注 |
| 1 | 498353 | 204983535 | 社科库509/ [索取号:B821-49/M272] | 在馆 | |
| 2 | 498354 | 204983544 | 社科库509/509社科库 26排2列1层/ [索取号:B821-49/M272] | 在馆 | |
| 3 | 498355 | 204983553 | 社科库509/ [索取号:B821-49/M272] | 在馆 |